Подробности
| 000 -МАРКЕР |
| контрольное поле |
01736nam0a2200325 4500 |
| 001 - ИДЕНТИФИКАТОР ЗАПИСИ |
| контрольное поле |
RU\NLR\bibl\30054 |
| 005 - ИДЕНТИФИКАТОР ВЕРСИИ |
| контрольное поле |
20260407082046.0 |
| 021 ## - НОМЕР ГОСУДАРСТВЕННОЙ РЕГИСТРАЦИИ |
| Код страны |
Российская Федерация |
| Номер |
98-9519 |
| Номер Листа государственной регистраци |
450450 |
| 035 ## - ДРУГИЕ СИСТЕМНЫЕ НОМЕРА |
| Идентификатор записи |
(NLR Aleph) 000029264 |
| 100 ## - ДАННЫЕ ОБЩЕЙ ОБРАБОТКИ |
| Данные общей обработки |
19990527d1997 |||y0rusy50 ca |
| 101 0# - ЯЗЫК РЕСУРСА |
| Язык текста, звукозаписи и т.д. |
русский |
| 102 ## - СТРАНА ПУБЛИКАЦИИ ИЛИ ПРОИЗВОДСТВА |
| Страна публикации |
Российская Федерация |
| 105 ## - ПОЛЕ КОДИРОВАННЫХ ДАННЫХ: ТЕКСТОВЫЕ МАТЕРИАЛЫ, МОНОГРАФИЧЕСКИЕ |
| Кодированные данные о монографическом текстовом документе |
a ||||||||| |
| 200 1# - ЗАГЛАВИЕ И СВЕДЕНИЯ ОБ ОТВЕТСТВЕННОСТИ |
| Основное заглавие |
Психолого-педагогические технологии развития профессионального мастерства кадров управления |
| Первые сведения об ответственности |
[Кандидаты психол. наук Байер И.В., Варламова Е.П., Деркач А.А. д.психол.н.,проф. и др. ] |
| Последующие сведения об ответственности |
Отв. ред. А.А. Деркач] |
| -- |
Рос. акад. гос. службы при Президенте Рос. Федерации |
| 210 ## - ПУБЛИКАЦИЯ, РАСПРОСТРАНЕНИЕ И ДР. |
| Место издания, распространения и т.д. |
М. |
| Имя издателя, распространителя и т. д. |
РАГС |
| Дата издания, распространения и т.д. |
1997 |
| 215 ## - ФИЗИЧЕСКАЯ ХАРАКТЕРИСТИКА |
| Специфическое обозначение материала и объем |
237 с. |
| Другие сведения о физической характеристике |
ил. |
| Размеры |
20 |
| 606 0# - НАИМЕНОВАНИЕ ТЕМЫ КАК ПРЕДМЕТ |
| Наименование темы |
Управление |
| Тематический подзаголовок |
Кадры |
| -- |
Подготовка |
| -- |
Психологические исследования |
| Системный номер авторитетной/нормативной записи |
2091807 |
| Идентификатор авторитетной/нормативной записи |
RU\NLR\auth\661266037 |
| 686 ## - ИНДЕКСЫ ДРУГИХ КЛАССИФИКАЦИЙ |
| Индекс |
Ю941.19 |
| 701 #1 - ИМЯ ЛИЦА - АЛЬТЕРНАТИВНАЯ ОТВЕТСТВЕННОСТЬ |
| Начальный элемент ввода |
Байер |
| Часть имени, кроме начального элемента ввода |
И. В. |
| Расширение инициалов личного имени |
Ирина Викторовна |
| Код отношения |
Автор |
| 701 #1 - ИМЯ ЛИЦА - АЛЬТЕРНАТИВНАЯ ОТВЕТСТВЕННОСТЬ |
| Начальный элемент ввода |
Варламова |
| Часть имени, кроме начального элемента ввода |
Е. П. |
| Код отношения |
Автор |
| 701 #1 - ИМЯ ЛИЦА - АЛЬТЕРНАТИВНАЯ ОТВЕТСТВЕННОСТЬ |
| Код отношения |
Автор |
| Графика поля |
Кириллица |
| Материалы, к которым относится поле |
rus |
| Начальный элемент ввода |
Деркач |
| Часть имени, кроме начального элемента ввода |
А. А. |
| Даты |
1944- |
| Расширение инициалов личного имени |
Анатолий Алексеевич |
| Системный номер авторитетной/нормативной записи |
29810 |
| Идентификатор авторитетной/нормативной записи |
RU\NLR\auth\7746875 |
| 702 #1 - ИМЯ ЛИЦА - ВТОРИЧНАЯ ОТВЕТСТВЕННОСТЬ |
| Код отношения |
Редактор |
| Графика поля |
Кириллица |
| Материалы, к которым относится поле |
rus |
| Начальный элемент ввода |
Деркач |
| Часть имени, кроме начального элемента ввода |
А. А. |
| Даты |
1944- |
| Расширение инициалов личного имени |
Анатолий Алексеевич |
| Системный номер авторитетной/нормативной записи |
29810 |
| Идентификатор авторитетной/нормативной записи |
RU\NLR\auth\7746875 |
| 712 02 - НАИМЕНОВАНИЕ ОРГАНИЗАЦИИ - ВТОРИЧНАЯ ОТВЕТСТВЕННОСТЬ |
| Код отношения |
Прочие |
| Начальный элемент ввода |
Российская академия государственной службы |
| Системный номер авторитетной/нормативной записи |
287515 |
| Идентификатор авторитетной/нормативной записи |
RU\NLR\AUTH\887664 |
| 801 #0 - ИСТОЧНИК ЗАПИСИ |
| Страна |
Российская Федерация |
| Организация |
NLR |
| Дата составления |
19990527 |
| Правила каталогизации |
PSBO |
| 801 #1 - ИСТОЧНИК ЗАПИСИ |
| Страна |
Российская Федерация |
| Организация |
NLR |
| Дата составления |
19990527 |
| 852 ## - МЕСТОНАХОЖДЕНИЕ И ШИФР ХРАНЕНИЯ |
| Идентификатор организации |
NLR |
| Шифр хранения (Call Number) |
99-3/3843 |
| 942 ## - ДОПОЛНИТЕЛЬНЫЕ ЭЛЕМЕНТЫ ЗАПИСИ (АБИС) |
| Тип экземпляра АБИС |
Книга |
| 980 ## - КОЛЛЕКЦИЯ |
| Название коллекции |
Национальная библиография |